Responses for Show #3845 - Friday, April 27, 2001

Contestants

[<< previous game]

Travis Brazil, a waiter and actor from North Hollywood, California

Mollie Tobin, a training specialist from San Diego, California

Steve Goodrich, an attorney from Mesa, Arizona (whose 1-day cash winnings total $8,800)

[next game >>]

Jeopardy! Round responses

MEDICAL HISTORY
KEEP YOUR SHIRT ON!
NAME THE HITMAKERS
REMEMBER THE '90s
C'EST CHEESE!
COULD YOU TRANSLATE THAT FOR ME?
    $100 1
vaccination

Travis
    $100 6
Superman

Steve
    $100 14
Celine Dion

Travis
    $100 11
Operation Desert Storm

Travis
    $100 22
Swiss cheese

Triple Stumper
    $100 21
red, white and blue

Mollie
    $200 2
rattlesnake

Travis
    $200 7
polo

Travis
    $200 15
Elton John

Steve
    $200 12
Michael Jackson

Steve
    $200 23
Denmark

Travis
    $200 24
sweetheart

Travis
    $300 3
glands

Travis
    $300 8
Aloha shirt

Mollie
    $300 18
Aerosmith

Mollie
    $300 13
Betty Ford Center

Mollie
    $300 28
Feta

Mollie
    $300 25
goodwill

Travis
    $400 4
typhoid

Travis
    $400 9
(Travis: What is the U.S. Navy?)

Marines

SteveTravis
    $400 19
Madonna

Mollie
    $400 16
(Steve: What is Internet service?)

cellular telephone service

Steve
Triple Stumper
    $400 29
Brie

Triple Stumper
    $400 27
consigliere

Steve
    $500 5
(Travis: [no response])

culture

Travis
    $500 10
flannel

Triple Stumper
    $500 20
Oasis

Travis
    $500 17
(Travis: Who was Muhammad Ali?)
(Steve: Who was Wojtyla?)
(Alex: Wojtyla is Pope John Paul II)

Bela Karolyi

SteveTravis
Triple Stumper
    $500 30
(Mollie: What is Stilton?)

Roquefort

SteveMollie
    $500 26
Deus ex machina

Triple Stumper

Scores at the first commercial break (after clue 15):

Steve Mollie Travis
$900 $600 $500

Scores at the end of the Jeopardy! Round:

Steve Mollie Travis
$900 $1,200 $1,200

Double Jeopardy! Round responses

BESTSELLERS
BIG-SCREEN STUMPERS
SIGNS & SYMBOLS
TREE-LETTER WORDS
(Alex: Each correct response will contain the name of a tree.)
I AM A ROCK
I AM AN ISLAND
    $200 1
"Roses are Red"

Travis
    $200 6
Chitty Chitty Bang Bang

Triple Stumper
    $200 12
equal sign

Travis
    $200 11
diamond

Mollie
    $200 19
Java

Travis
    $400 2
"The Beatles Anthology"

Travis
    $400 7
(Alex: Told you they were stumpers!)

Telly Savalas

Triple Stumper
    $400 13
rainbow

Travis
    $400 15
black

Mollie
    $400 20
Rhodes (Rhode Island)

Travis
    $600 3
"The Hotel New Hampshire"

Travis
    $600 8
Orson Welles

Steve
    $600 14
dagger

Triple Stumper
    $600 28
[The end-of-round signal sounds.]

affirmative

Travis
    $600 16
(Mollie: What is lava?)

pumice

SteveMollie
    $600 21
Scotland

Triple Stumper
    $800 4
Jack Higgins

Triple Stumper
    $2,500 9
(Steve: What is "Vertigo?")

Rebecca

Steve
    $800 24
(Mollie: What is nuclear?)
(Steve: What is biological?)
(Alex: We'll accept it - you were in the right area; less than a minute to go...)

biohazard

SteveMollie
    $1,400 27
supine

Steve
    $800 17
quartz

Triple Stumper
    $800 22
Baffin Island

Travis
    $1000 5
"War and Remembrance"

Steve
    $1000 10
(Alex voiced this clue in his "best" Walter Brennan impersonation, with applause from the audience)

Walter Brennan

Steve
    $1000 25
aleph

Triple Stumper
    $1000 26
dapple

Triple Stumper
    $1000 18
limestone

Triple Stumper
    $1000 23
(Steve: What is Honshu?)

Hokkaido

Steve
Triple Stumper

Scores at the end of the Double Jeopardy! Round:

Steve Mollie Travis
$2,800 $400 $5,000

[wagering suggestions for these scores]

Final Jeopardy! Round responses

19th CENTURY PERSONALITIES
(Alex: The discoverer of Troy.)
MollieWho Keiser Wilhelm?
$395
SteveWho is?
$2,200
TravisWho was Bismarck?
$601
Heinrich Schliemann

Final scores:

Steve Mollie Travis
$600 $5 $4,399
2nd place: Princess Caribbean Cruise 3rd place: DirecTv Satellite System New champion: $4,399

Game dynamics:

Coryat scores:

Steve Mollie Travis
$4,700 $400 $5,500
12 R
(including 1 DD),
4 W
(including 1 DD)
8 R,
3 W
20 R,
3 W
(including 1 DD)

Combined Coryat: $10,600

[game clues] [game scores] [suggest correction]

Game tape date: 2001-02-01
The J! Archive is created by fans, for fans. Scraping, republication, monetization, and malicious use prohibited; this site may use cookies and collect identifying information. See terms. The Jeopardy! game show and all elements thereof, including but not limited to copyright and trademark thereto, are the property of Jeopardy Productions, Inc. and are protected under law. This website is not affiliated with, sponsored by, or operated by Jeopardy Productions, Inc. Join the discussion at JBoard.tv.